| 000 | 00943cam a22002415a 4500 | ||
|---|---|---|---|
| 001 | 010262345 | ||
| 005 | 20180228133702.0 | ||
| 008 | 040420t1971 mau frb 001 0 eng d | ||
| 020 | _a9780673394125 | ||
| 020 | _a0673394123 | ||
| 040 |
_aDLC _cDLC _dDLC _dUk _dEG-ScBUE _beng |
||
| 043 |
_an-us--- _ae-ur--- _anwcu--- |
||
| 082 | 0 | 4 |
_222 _a327.73047 _bALL |
| 100 | 1 | _aAllison, Graham T. | |
| 245 | 1 | 0 |
_aEssence of decision : _bexplaining the Cuban missile crisis / _cGraham T. Allison. |
| 260 |
_aBoston : _bHarper Collins Publishers, _cc.1971 |
||
| 300 |
_axii, 338 p. ; _c21 cm. |
||
| 504 | _aIncludes bibliographical references and index. | ||
| 590 | _a"Written under the auspices of the Faculty Seminar on Bureaucracy, Politics, and Policy of the Institute of Politics, John Fitzgerald Kennedy School of Government, Harvard University." | ||
| 650 | 7 |
_aCuban Missile Crisis, 1962. _2BUEsh |
|
| 653 |
_bGGEN _cFebruary2018 |
||
| 942 | _2ddc | ||
| 999 |
_c26209 _d26181 |
||